Я хочу жить: сборник; На земле; Без цветов; Черное и белое; В плену; Красноармеец Терехин; Я хочу жить; По-новому; Полька-мазурка; Андрон непутевый; Гуси-лебеди

Bibliografiske detaljer
Hovedforfatter: Неверов А. С. Александр Сергеевич
Andre forfattere: Неверова-Скобелева Б. А. (составитель), Страхов Н. И. (автор предисловия)
Sprog:russisk
Udgivet: Москва, Советская Россия, 1984
TOC:На земле; Без цветов; Черное и белое; В плену; Красноармеец Терехин; Я хочу жить; По-новому; Полька-мазурка;
Андрон непутевый;
Гуси-лебеди;
Serier:Сельская библиотека Нечерноземья
Fag:
Format: MixedMaterials Bog
KOHA link:https://koha.lib.tpu.ru/cgi-bin/koha/opac-detail.pl?biblionumber=372118

MARC

LEADER 00000nam0a2200000 4500
001 372118
005 20231102012439.0
035 |a (RuTPU)RU\TPU\retro\29539 
035 |a RU\TPU\book\305153 
090 |a 372118 
100 |a 20221214d1984 m y0rusy50 ca 
101 0 |a rus 
102 |a RU 
105 |a y z 001ay 
200 1 |a Я хочу жить  |e сборник  |f А. С. Неверов  |g сост. Б. А. Неверова-Скобелева ; авт. предисл. Н. И. Страхов 
210 |a Москва  |c Советская Россия  |d 1984 
215 |a 304 с. 
225 1 |a Сельская библиотека Нечерноземья 
320 |a Вступительная статья: с. 5-18 
464 |t На земле; Без цветов; Черное и белое; В плену; Красноармеец Терехин; Я хочу жить; По-новому; Полька-мазурка  |o рассказы 
464 |t Андрон непутевый  |o повесть 
464 |t Гуси-лебеди  |o роман 
606 1 |a Русская литература современная  |2 stltpush  |3 (RuTPU)RU\TPU\subj\26373  |9 50316 
610 1 |a художественная литература 
610 1 |a советская литература 
610 1 |a повести 
610 1 |a рассказы 
610 1 |a романы 
675 |a Р2  |v 3 
700 1 |a Неверов  |b А. С.  |c настоящая фамилия Скобелев  |c русский писатель  |f 1886-1923  |g Александр Сергеевич  |2 stltpush  |3 (RuTPU)RU\TPU\pers\3655  |4 070  |9 796 
702 1 |a Неверова-Скобелева  |b Б. А.  |4 220 
702 1 |a Страхов  |b Н. И.  |4 080 
801 1 |a RU  |b 63413507  |c 20150122 
801 2 |a RU  |b 63413507  |c 20221214  |g RCR 
942 |c BK